| 000 | 00368nam a22001217a 4500 | ||
|---|---|---|---|
| 082 | _a220 PRO | ||
| 100 |
_aNC HIFZA ARIF NC MUHAMMAD AFAQ KHAN _970626 |
||
| 245 | _aPR-SOF-1834-Audio Transcription for Security Purposes | ||
| 260 |
_aISLAMABAD _bNUST COLLEGE OF EME _c2019 |
||
| 650 |
_a DE-COMP-37 _970627 |
||
| 700 |
_aSUPERVISOR Dr. ALI HASSAN _969910 |
||
| 942 | _cCR | ||
| 999 |
_c577575 _d577575 |
||